000
00341nam a22001577a 4500
003
SGT
020
_a
9789390281312
082
_a
610.743
_b
P21C
100
_a
CHATTRI, GL
245
_a
PEDIATRICS DURG DOSES
250
_a
4TH
260
_a
INDIA
_b
JAYPEE PUB
_c
2021
300
_a
250
650
_a
PEDIATRIC NURSING
942
_2
ddc
_c
BK
_0
3
999
_c
21897
_d
21897